000 00923cam a2200217 a 4500
001 000002546
005 20200929150218.0
008 760610m19551956sp 000 0dspa c
040 _aDO-SdBNP
_bspa
_cBNPHU
082 _a923.946
_bS112F
100 1 _aFraga Iribarne, Manuel,
_d1922-
_98003
245 1 0 _aDon Diego de Saavedra y Fajardo y la diplomacia de su época :
_bo subir o bajar /
_cManuel Fraga Iribarne.
260 _aMadrid :
_b[Dirección General de Relaciones Culturales del Ministerio de Asuntos Exteriores],
_c1955.
300 _a707 p. ;
_c21 cm.
490 1 _aAcademia ˝Alfonso X el sabio˝
504 _aIncluye referencias bibliográficas y notas al pie de las páginas.
500 _aEn la cubierta: Academia "Alfonso X El Sabio," Murcia.
600 1 4 _aSAAVEDRA FAJARDO, DIEGO DE,
_d1584-1648.
_98004
651 4 _aEspaña
_xRelaciones Exteriores
_98005
830 0 _aAcademia ˝Alfonso X el sabio˝.
_98006
999 _c2382
_d2382